| 000 | 00473nam a2200157 4500 | ||
|---|---|---|---|
| 001 | 109200 | ||
| 003 | ES-MaACL | ||
| 005 | 20230906184809.0 | ||
| 007 | t| | ||
| 008 | 061121s1969 sp r ||||1| spa d | ||
| 100 | 1 |
_aOlivera y Acosta, José de. _986857 |
|
| 245 | 1 | 0 |
_aMi album (1858-1862) / _cJosé de Olivera. |
| 260 |
_aLa Laguna ( Tenerife) : _bInstituto de Estudios Canarios, _c1969. |
||
| 300 |
_a398 p. 4 láms. ; _c22 cm. |
||
| 852 |
_aES-MaACL _jC-38706 _bR.77467 |
||
| 999 |
_c109200 _d109200 |
||